Juno - Sabrina Carpenter (All Lyrics) - Statistics

General Stats
  • This quiz has been taken 1,290 times
  • The average score is 283 of 341
Answer Stats
Lyrics % Correct
you
97%
You
97%
you,
97%
I
96%
a
94%
me
94%
me,
94%
Juno
93%
to
93%
have
92%
Have
92%
on
92%
make
91%
One
91%
one?
91%
one
91%
love
90%
in
89%
just
89%
know
89%
wanna
89%
Wanna
89%
Oh
88%
Oh,
88%
(Oh)
88%
(Oh
88%
oh)
88%
so
88%
then
88%
try
88%
your
88%
fall
87%
the
87%
I'm
86%
it
86%
let
86%
Let
86%
my
86%
who
86%
for
84%
might
84%
(Might)
84%
tell
84%
Tell
84%
this
84%
want
84%
baby,
83%
baby
83%
but
83%
ever
83%
life
83%
If
82%
if
82%
is
82%
tried
82%
and
81%
knows?
81%
of
81%
touch
80%
Don't
79%
positions?
79%
some
79%
two
79%
right,
78%
cute,
77%
freaky
77%
Give
77%
down
76%
fuckin'
76%
Hold
76%
night,
76%
only,
76%
only
76%
though?
76%
tonight
76%
explore
75%
get
75%
horny
75%
out
75%
Adore
73%
at
73%
handcuffs?
73%
pink
73%
yeah,
73%
dad's
72%
genetics,
72%
thinkin'
72%
bless
71%
'bout
71%
fuzzy
71%
God
71%
late
70%
like
70%
Mark
70%
ah,
69%
ah
69%
territory
69%
lock
68%
way
68%
we
67%
come
66%
feel
66%
friends,
65%
hear
65%
thing
65%
more
63%
than
63%
high
62%
package,
62%
up
62%
babe,
61%
are
60%
butterflies
60%
knockin',
60%
objectified
60%
fit
58%
Whole
58%
fived
57%
thinking
57%
ass
56%
Can't
55%
hormones
55%
hot
55%
myself,
55%
Sorry
55%
showed
53%
help
50%
mm,
42%
uh
36%
(Ooh,
32%
ooh)
32%
No matching quizzes found
Score Distribution
Percent of People with Each Score
Percentile by Number Answered
Your Score History
You have not taken this quiz